| 000 | 00595nam a2200181Ia 4500 | ||
|---|---|---|---|
| 008 | 090630s9999 xx 000 0 und d | ||
| 082 | _b2787 | ||
| 100 | _aमोकाशी दि. बा. | ||
| 245 |
_aजमीन आपली आई. _cमोकाशी दि. बा. |
||
| 260 |
_bइनामदार बंधू. _c1966 |
||
| 300 | _a82 | ||
| 600 | _aमोकाशी दि. बा. | ||
| 630 | _aजमीन आपली आई. | ||
| 655 | _aइतर. | ||
| 700 | _aमोकाशी दि. बा. | ||
| 730 | _aजमीन आपली आई. | ||
| 942 | _cBOOK | ||
| 999 |
_c254643 _d254643 |
||